Stavba diaľnice je beh na dlhé trate

S Ing. Jánom Kotuľom, predsedom predstavenstva a generálnym riaditeľom Národnej diaľničnej spoločnosti, a. s., v rozhovore o realizácii a efektívnej výstavbe ciest.

Salvato in:
Dettagli Bibliografici
Autore principale: Zervan, Miroslav
Altri autori: Filin, Juraj
Natura: Capitolo di libro
Lingua:slovacco
Soggetti:
Tags: Aggiungi Tag
Nessun Tag, puoi essere il primo ad aggiungerne!!

MARC

LEADER 00000naa a2200000 4500
001 0148794
005 20220725111631.1
041 0 |a slo 
044 |a SK 
245 1 0 |a Stavba diaľnice je beh na dlhé trate  |c Miroslav Zervan, Juraj Filin 
520 |a S Ing. Jánom Kotuľom, predsedom predstavenstva a generálnym riaditeľom Národnej diaľničnej spoločnosti, a. s., v rozhovore o realizácii a efektívnej výstavbe ciest. 
610 2 0 |a manažéri 
610 2 0 |a predstavenstvo 
610 2 0 |a riaditelia 
610 2 0 |a rozhodovanie manažérske 
610 2 0 |a spoločnosti dopravné 
610 2 0 |a diaľnice 
610 2 0 |a financovanie 
100 1 |a Zervan, Miroslav 
700 1 |a Filin, Juraj